| 000 | 01820cam a22005174i 4500 | ||
|---|---|---|---|
| 003 | PE-LiUPU | ||
| 005 | 20250731180156.0 | ||
| 008 | 150616s1990 pe r 000 0 spa d | ||
| 035 | _a(Sirsi) a7980 | ||
| 040 |
_aPE-LiUPU _bspa _cPE-LiUPU _dPE-LiUPU _erda |
||
| 049 | _aPRUA | ||
| 082 | 0 | 4 |
_a512.09 _bA71 _221 |
| 100 | 1 |
_aArisméndiz Campos, Jorge, _eautor. |
|
| 245 | 1 | 0 |
_a1000 problemas de álgebra / _cJorge Arismendiz Campos. |
| 246 | 3 | _aMil problemas de álgebra | |
| 264 | 1 |
_aLima : _bEditorial San Marcos, _c1990. |
|
| 300 |
_a370 páginas ; _c21 centímetros |
||
| 336 |
_atext _2rdacontent |
||
| 337 |
_aunmediated _2rdamedia |
||
| 338 |
_avolume _2rdacarrier |
||
| 505 | 0 | _aTeoría de los exponentes -- Ecuaciones exponenciales -- Polinomios especiales -- Factorización -- Radicales dobles -- Números complejos -- Relaciones -- Funciones -- Matrices y determinantes. | |
| 526 | _aSEG44 | ||
| 526 | _aSEG26 | ||
| 526 | _aP159 | ||
| 526 | _aP155 | ||
| 526 | _aP154 | ||
| 526 | _aP153 | ||
| 526 | _aP150 | ||
| 526 | _aP100 | ||
| 526 | _aP31 | ||
| 526 | _aP30 | ||
| 526 | _aP26 | ||
| 526 | _aP25 | ||
| 526 | _aP24 | ||
| 526 | _aP22 | ||
| 526 | _aP15 | ||
| 526 | _aP10 | ||
| 650 | 0 | 4 |
_aAlgebra _vProblemas, ejercicios, etc. |
| 910 |
_ajck _bjvq _cjck |
||
| 942 |
_2ddc _cBOOK |
||
| 949 |
_a512.09 A71 _wDEWEY _c1 _i41614 _lCCODEBUL1 _mBUL _p00.00 _r0 _sY _tBOOK _u19960811 _xFCE _PP08 _0COMPRA _o.STAFF. Colección Ciencias Empresariales |
||
| 994 |
_aC0 _bPEPRU |
||
| 596 | _a1 | ||
| 999 |
_a512.09 A71 _wDEWEY _c59281 _i41614 _d59281 _e2018-5-4 _f2021-11-5 _g7 _lCCODEBUL1 _mBUL _n7 _p12.00 _r0 _sY _tBOOK _u2015-6-16 _xBIBLIOTECA _PP08 _0COMPRA _o.STAFF. Colección Ciencias Empresariales |
||
| 980 |
_81 _gALBERTO SANCHEZ Responsable de Automatización |
||